| 000 | 00649cam a22002411 4500 | ||
|---|---|---|---|
| 001 | ne 68003343 | ||
| 003 | DLC | ||
| 005 | 20260227111846.0 | ||
| 008 | 890514q19601968xx 000 0 per | ||
| 010 | _ane 68003343 | ||
| 035 | _a(OCoLC)23546649 | ||
| 040 |
_aDLC _cMiU _dDLC |
||
| 042 | _apremarc | ||
| 050 | 0 | 0 |
_aBP194.2 _b.T32 |
| 100 | 1 |
_aBurūjirdī, Ḥusayn al-Ṭabāṭabāʼī, _d1875-1961. |
|
| 245 | 1 | 0 | _aRisālah-ʼi tawz̤īḥ al-masāʼil. |
| 260 | _c[196-?] | ||
| 300 |
_a592, 32 p. _c25 cm. |
||
| 500 | _aRomanized. | ||
| 650 | 0 | _aShiites | |
| 650 | 0 |
_aIslam _xCustoms and practices. |
|
| 740 | 0 | _aTazz̤īḥ al-masāʼil. | |
| 999 |
_c50757 _d50757 |
||